000 00440nam a2200157Ia 4500
008 100122s9999 xx 000 0 und d
082 _b48322
_a823
100 _aरॉबिन्स हेरॉल्ड
245 _aअमर
260 _bमेहता पब्लिकेशन हाऊस
_c1993
300 _a316
630 _aअमर
700 _aमांडे अरुण
730 _aअमर
942 _cBOOK
999 _c427004
_d427001